| 000 | 01227nam a22002537a 4500 | ||
|---|---|---|---|
| 005 | 20170124103120.0 | ||
| 010 | _aB-074360 | ||
| 020 |
_c250.00 _a8187247339 |
||
| 035 | _aB-074360 | ||
| 037 | _bCen Lib/Ret | ||
| 040 |
_aDPL _bHN |
||
| 082 |
_a384.5 _bरत्तूकृ |
||
| 100 |
_aरत्तू, कृष्णकुमार _99690 |
||
| 245 |
_aभारतीय प्रसारण माध्यम : _cकृष्णकुमार रत्तू _bभाषा परिद्रश्य / |
||
| 246 |
_aBharitya prasaran madhyam : bhasha paridrshya / _bby Krishn Kumar Ratto |
||
| 260 |
_aजयपुर _bश्याम प्रकाशन _c2001 |
||
| 270 |
_bजयपुर _aफिल्म कॉलोनी, चौड़ा रास्ता _e302003 |
||
| 300 |
_a174पृ. _c20सेमी(सजिल्द ) |
||
| 650 |
_aजन संचार माध्यम -- भारत _x _z _981789 |
||
| 650 |
_aजन संचार माध्यम -- भारत -- दूरदर्शन _981790 |
||
| 650 |
_aMass Media - India _981791 |
||
| 650 |
_aHindi - language - television _981792 |
||
| 942 |
_2ddc _cHN _h384.5 _mरत्तूकृ |
||
| 999 |
_c118759 _d118759 |
||